000 00590nam a22002177a 4500
003 UA-OsUOA
001 44310
007 ta
008 20070220b un ||||| |||| 00| 0 ukr d
100 _aЖумагулов М.И.
090 _a34
_bЖ-11
942 _cSA
040 _aUA-OsUOA
_brus
_cUA-OsUOA
_dUA-OsUOA
245 _aО сущости и понятии административно-правового принуждения
300 _aС.22-31
955 _a0
041 _arus
080 _a34
773 0 _w44309
650 7 _a34 Право. Юриспруденція
_2UDC
999 _c330426
_d330426